LEADER 01297nam a2200289 4500 001 000000348110 003 CaOOAMICUS 005 20211011143329.0 008 211011s2013 it 000 u ita r 020 $a978-88-401-4051-3 040 $aSeMil$bita 100 1 $aPapale, Claudio.$0(OLS)http://semarc/name/62537 245 10$aFormulario commentato del processo penale canonico /$cClaudio Papale. 250 $a2. ed. aggiornata 264 1$aCittą del Vaticano :$bUrbaniana University Press,$c2013. 300 $a278 p. ;$c24 cm 490 1 $aStudia/Canonica ;$v64 650 4$aDiritto canonico penale.$0(OLS)http://semarc/subject/9775 650 4$aDiritto processuale canonico.$0(OLS)http://semarc/subject/3750 650 4$aDiritto canonico - Formulario.$0(OLS)http://semarc/subject/51041 830 0$aStudia/Canonica ;$v64.$0(OLS)http://semarc/title/15199 850 $aSeMil 852 $aSeMil$W1$xVenegono$y1$m2H V 131$j234507$B239147$CSeMilBibl$Z2$F239147 $81 996 $6020$a978-88-401-4051-3$9(OLS)http://semarc/number/294289 996 $6245$aFormulario commentato del processo penale canonico$9(OLS)http://semarc/title/437448 996 $6264$aCittą del Vaticano :$bUrbaniana University Press$9(OLS)http://semarc/publisher/31817 LEADER 01091nam a2200277 i 4500 001 000000206912 003 CaOOAMICUS 005 20111017000000.0 008 111017s2008 it u000 u ita u 013 $a185686 020 $a978-88-15-12438-8 040 $aSeMil$bita 100 1 $aRegalia, Camillo.$0(OLS)http://semarc/name/74325 245 10$aPerdonare /$cCamillo Regalia, Giorgia Paleari. 260 $aBologna :$bIl Mulino,$c2008. 300 $a127 p. ;$c20 cm. 490 0 $aFarsi un'idea ;$v151 650 4$aPerdono - Aspetti psicologici.$0(OLS)http://semarc/subject/35610 700 1 $aPaleari, Giorgia.$0(OLS)http://semarc/name/74326 830 0$aFarsi un'idea ;$v151.$0(OLS)http://semarc/title/12266 850 $aSeMil 852 $aSeMil$W1$xVenegono$y1$m2O I 77$j157375$B157375$CSeMilBibl$Z2$F168862 $81 961 $aAcquisto: L.S. srl 996 $6020$a978-88-15-12438-8$9(OLS)http://semarc/number/201002 996 $6245$aPerdonare$9(OLS)http://semarc/title/299209 996 $6260$aBologna :$bIl Mulino$9(OLS)http://semarc/publisher/29842